000 01113naa a22002777a 4500
001 BR9504969
003 BR-BrBNA
005 20240918181329.0
007 ta
008 230509b bl.||||| |||| 00| 0 por d
040 _aBR-BrBNA
_bpor
_cBiblioteca Nacional de Agricultura
041 _a(Pt)
072 _aL01
_b7100
090 _aL01 BR9504969
100 1 _aAlmeida, R. de
100 1 _aSoares, A.E.E.
111 1 _a9. Congresso Brasileiro de Apicultura
_cCandelaria, RS (Brazil)
_dNov 1992
245 1 _aDivisao de trabalho entre abelhas operarias normais e mutantes chartreuse-limao (Apis mellifera)
260 3 _aPorto Alegre, RS (Brasil):
_c1994.
500 _aSattler, A. Anais do 9. Congresso Brasileiro de Apicultura Porto Alegre, RS (Brasil): 1994. p. 137-139 (BR9504969-AM)L01
650 _aAbelha
650 _aApicultura
773 0 _tAnais do 9. Congresso Brasileiro de Apicultura
_aSattler, A.. Universidade Federal do Rio Grande do Sul, Porto Alegre (Brasil)
_wL01 BR9504969
_gPorto Alegre, RS (Brasil), 1994. p. 137-139
909 _a202404
_bLucia
_c55
_dLucia Elande
942 _cAM
_2AGRIS
999 _c324789
_d324789